[Event "Challenge"]
[Site "http://www.queenalice.com/game.php?id=1564663"]
[Date "2019.3.18"]
[Round "-"]
[White "jorm"]
[Black "Zoe"]
[Result "0-1"]
[WhiteElo "1845"]
[BlackElo "1926"]

1. e4 e6 2. Nf3 d5 3. e5 c5 4. d4 Qb6 5. Nc3 Nc6 6. Bb5 Bd7 7. O-O cxd4 8. Bxc6
Bxc6 9. Nxd4 Bb4 10. Nde2 Bb5 11. Nxb5 Qxb5 12. c3 Bf8 13. a4 Qb6 14. b4 Ne7 15.
Be3 Qc7 16. Bf4 Ng6 17. Bg3 Nxe5 18. Qd4 Bd6 19. a5 O-O 20. h3 Rfc8 21. Rac1 Nc4
22. Bxd6 Qxd6 23. f4 Re8 24. g3 e5 25. Qf2 Re7 26. f5 f6 27. h4 Nd2 28. Rfd1 Ne4
29. Qf3 Qd7 30. g4 Rc8 31. g5 fxg5 32. hxg5 Nxg5 33. Qg4 Ne4 34. Qf3 Rf8 35. Ng3
Nxg3 36. Qxg3 Rxf5 37. Qg2 Re6 38. Rd3 Qe8 39. Rg3 Rg6 40. Qxd5+ Kh8 41. Qg2 e4
42. Rxg6 hxg6 43. Rd1 e3 44. Re1 Qe5 45. Qh3+ Rh5 46. Rxe3 Qg5+ 47. Qg3 Qf5 48.
Rf3 Qd5 49. Qf2 Qd1+ 50. Qf1 Rg5+ 51. Kh2 Rh5+ 52. Kg2 Qd2+ 53. Qf2 Qg5+ 54. Rg3
Qd5+ 55. Rf3 Rg5+ 56. Kf1 Qd1+ 57. Qe1 Rg1+ 0-1

[Event "AUTO-ADV-4163"]
[Site "http://www.queenalice.com/game.php?id=1567100"]
[Date "2019.4.9"]
[Round "1"]
[White "NickThorp"]
[Black "Zoe"]
[Result "0-1"]
[WhiteElo "1661"]
[BlackElo "1910"]

1. e4 e6 2. d4 d5 3. e5 c5 4. Nf3 Qb6 5. Nc3 Bd7 6. Be3 Qxb2 7. Ne2 Qb6 8. Rb1
Qc7 9. dxc5 Bxc5 10. Bxc5 Qxc5 11. Ned4 Qa5+ 12. Qd2 Qxa2 13. Rxb7 Qa1+ 14. Qd1
Qxd1+ 15. Kxd1 Ne7 16. Bb5 Bxb5 17. Rxb5 O-O 18. Kd2 Nec6 19. Nxc6 Nxc6 20. Kd3
Rac8 21. Rhb1 a5 22. Rb6 Nb4+ 23. Ke3 Nxc2+ 24. Kd2 Na3 25. R6b3 Nxb1+ 26. Rxb1
Rb8 27. Ra1 Ra8 28. Nd4 Rfb8 29. Ra2 a4 30. Kc2 a3 31. Nb3 Rb5 32. Kc3 Rc8+ 33.
Kd4 Rxb3 34. f4 Rc4# 0-1

[Event "AUTO-ADV-4163"]
[Site "http://www.queenalice.com/game.php?id=1567101"]
[Date "2019.4.9"]
[Round "1"]
[White "Zoe"]
[Black "NickThorp"]
[Result "0-1"]
[WhiteElo "1935"]
[BlackElo "1704"]

1. d4 d5 2. Nf3 Nc6 3. e3 Bg4 4. Nbd2 e6 5. c4 Nf6 6. Qb3 Bd6 7. Qxb7 Na5 8.
Qb5+ c6 9. Qa4 Nxc4 10. Bxc4 dxc4 11. Qxc6+ Ke7 12. Qxc4 Rc8 13. Qa4 a5 14. b3
Re8 15. Qxa5 Qxa5 16. O-O Kf8 17. Nc4 Qa8 18. Nxd6 Bxf3 19. gxf3 Qxf3 20. Ba3
Ra8 21. Nxe8+ Kxe8 22. Bc5 Qg4+ 23. Kh1 Ne4 24. b4 Nxc5 25. bxc5 Kd7 26. Rg1 Qe2
27. Rxg7 Qxf2 28. Rxh7 Ke7 29. Rc1 Qxe3 0-1

[Event "AUTO-ADV-4163"]
[Site "http://www.queenalice.com/game.php?id=1567128"]
[Date "2019.4.9"]
[Round "1"]
[White "Zoe"]
[Black "BOY2020"]
[Result "1-0"]
[WhiteElo "1928"]
[BlackElo "1703"]

1. d4 Nf6 2. Nf3 c5 3. e3 e6 4. c3 d5 5. Bd3 Nc6 6. Nbd2 c4 7. Bc2 Be7 8. O-O b5
9. b4 a5 10. Ne5 Bb7 11. bxa5 Qxa5 12. Bb2 Bd6 13. Nxc6 Bxc6 14. Nf3 Qc7 15. h3
Ne4 16. Bxe4 1-0

[Event "AUTO-ADV-4163"]
[Site "http://www.queenalice.com/game.php?id=1567129"]
[Date "2019.4.9"]
[Round "1"]
[White "BOY2020"]
[Black "Zoe"]
[Result "0-1"]
[WhiteElo "1711"]
[BlackElo "1920"]

1. e4 e6 2. Nf3 d5 3. exd5 exd5 4. d4 Nf6 5. Bd3 Bg4 6. O-O Be7 7. c4 O-O 8. h3
Bh5 9. Nc3 Bb4 10. Bd2 c6 11. Re1 Re8 12. Be2 Bxc3 13. bxc3 Re7 14. Nh4 Qe8 15.
Bxh5 Nxh5 16. Qxh5 Nd7 0-1

[Event "Challenge"]
[Site "http://www.queenalice.com/game.php?id=1570768"]
[Date "2019.5.13"]
[Round "-"]
[White "Ron39"]
[Black "Zoe"]
[Result "1-0"]
[WhiteElo "2194"]
[BlackElo "1932"]

1. e4 e6 2. d4 d5 3. Nd2 Nf6 4. Bd3 c5 5. e5 Nfd7 6. c3 cxd4 7. cxd4 Nc6 8. Nb3
Bb4+ 9. Bd2 O-O 10. Ne2 Qb6 11. O-O a5 12. Bxb4 Nxb4 13. a4 Nxd3 14. Qxd3 f6 15.
f4 Qd8 16. g3 f5 17. Rfc1 Nb6 18. Nd2 Bd7 19. b3 Qe7 20. Rc5 Bc6 21. Nc3 g5 22.
Nb5 Rf7 23. Nd6 Rg7 24. Kf2 gxf4 25. Rg1 Qg5 26. Rcc1 fxg3+ 27. hxg3 f4 28. gxf4
Qxf4+ 29. Nf3 Rf8 30. Rxg7+ Kxg7 31. Rg1+ Kh6 32. Rh1+ 1-0

[Event "Challenge"]
[Site "http://www.queenalice.com/game.php?id=1570769"]
[Date "2019.5.13"]
[Round "-"]
[White "Zoe"]
[Black "Ron39"]
[Result "0-1"]
[WhiteElo "1938"]
[BlackElo "2180"]

1. d4 e6 2. Nf3 d5 3. e3 c5 4. c3 Nc6 5. Bd3 Nf6 6. Nbd2 Bd6 7. O-O O-O 8. e4
dxe4 9. Nxe4 Nxe4 10. Bxe4 cxd4 11. Bxh7+ Kxh7 12. Ng5+ Kg6 13. Qd3+ f5 14. Nh3
Rh8 15. cxd4 Kf7 16. d5 exd5 17. Qxd5+ Be6 18. Ng5+ Qxg5 19. Qxd6 Qe7 20. Qg3
Rac8 21. Bd2 Qh4 22. Qxh4 Rxh4 23. Bc3 Rch8 24. h3 f4 25. b4 a6 26. Rab1 Ne7 27.
Rbc1 f3 28. Rfd1 fxg2 29. Rd3 Rxh3 30. Rxh3 Rxh3 31. Kxg2 Nd5 32. Be1 Nf4+ 0-1

[Event "AUTO-ADV-4205"]
[Site "http://www.queenalice.com/game.php?id=1577485"]
[Date "2019.7.16"]
[Round "1"]
[White "bouley"]
[Black "Zoe"]
[Result "0-1"]
[WhiteElo "1932"]
[BlackElo "1934"]

1. e4 e6 2. d4 d5 3. e5 c5 4. c3 Qb6 5. Nf3 Bd7 6. Be3 Qxb2 7. Nbd2 Qxc3 8. dxc5
Bxc5 9. Bxc5 Qxc5 10. Rc1 Qa5 11. Be2 Nc6 12. Qb3 Rb8 13. O-O h6 14. Bb5 Nge7
15. a4 O-O 16. Rc3 Qb6 17. Rfc1 Nf5 18. Qa3 a6 19. Bxc6 Bxc6 20. Rb1 Qc7 21. Qc5
Qd7 22. g4 Ne7 23. a5 Rfc8 24. Qd6 Qe8 25. Rcc1 Rd8 26. Qc5 Rdc8 27. Qe3 Qd8 28.
Qa3 Qc7 29. Kg2 Ng6 30. Qe3 Qe7 31. Kg3 Rd8 32. h4 Nh8 33. h5 Rf8 34. Nd4 f6 35.
Nxc6 bxc6 36. Rxb8 Rxb8 37. Rxc6 Ra8 38. f4 fxe5 39. Qxe5 Re8 40. Rxa6 Qa3+ 41.
Nf3 Nf7 42. Qe2 Nd6 43. Kh4 Ne4 44. g5 Qe7 45. Kg4 Qf7 46. Nd4 Qd7 47. Kh4 Kf7
48. Nc6 Kg8 49. Ne5 Qa4 50. gxh6 Rf8 51. Ng6 Re8 52. hxg7 Qa1 53. Qg2 Qf6+ 54.
Kh3 Qf5+ 55. Kh4 Qf6+ 56. Kh3 Rb8 0-1

[Event "AUTO-ADV-4205"]
[Site "http://www.queenalice.com/game.php?id=1577486"]
[Date "2019.7.16"]
[Round "1"]
[White "Zoe"]
[Black "bouley"]
[Result "1-0"]
[WhiteElo "1894"]
[BlackElo "2051"]

1. d4 Nf6 2. Nf3 g6 3. Nc3 Bg7 4. e4 d6 5. h3 O-O 6. Be3 c6 7. a4 Nbd7 8. a5 e5
9. dxe5 Nxe5 10. Nxe5 dxe5 11. Qxd8 Rxd8 12. Bc4 Be6 13. Bxe6 fxe6 14. Ke2 Bf8
15. Bg5 Kg7 16. h4 h6 17. Be3 Ng4 18. h5 Nxe3 19. Kxe3 Bc5+ 20. Ke2 g5 21. Na4
Be7 22. Rhd1 Kf6 23. Rd3 Rd4 24. b3 Rxe4+ 25. Re3 Rxe3+ 26. Kxe3 Rd8 27. Nc3
Bc5+ 28. Ke2 Rd4 29. f3 Bb4 30. Ne4+ Kf7 31. c3 Rxe4+ 32. fxe4 Bxc3 33. Ra3 a6
34. Kd3 Bb4 35. Ra1 Ke7 36. Kc4 c5 37. Rd1 Ke8 38. Rd6 Ke7 39. Rb6 Bxa5 40.
Rxb7+ Kd6 41. Ra7 Bb4 42. Rxa6+ Ke7 43. Ra4 g4 44. Rxb4 cxb4 45. Kxb4 Kd7 46.
Kc5 g3 47. Kb6 Kc8 48. b4 Kd7 49. Kb7 Ke7 50. Kc7 Kf6 51. b5 Kg5 52. b6 Kxh5 53.
b7 Kg5 54. b8=Q 1-0

[Event "AUTO-ADV-4205"]
[Site "http://www.queenalice.com/game.php?id=1577499"]
[Date "2019.7.16"]
[Round "1"]
[White "thbn"]
[Black "Zoe"]
[Result "1-0"]
[WhiteElo "1771"]
[BlackElo "1958"]

1. e4 e6 2. Nf3 d5 3. exd5 exd5 4. d4 Bg4 5. Be2 Nf6 6. O-O Bd6 7. Nc3 O-O 8.
Bg5 c6 9. Qd2 Nbd7 10. Rfe1 Qc7 11. a3 Bxf3 12. Bxf3 Bxh2+ 13. Kh1 Bd6 14. Rab1
h6 15. Bxh6 gxh6 16. Qxh6 Nh7 17. Bg4 Bf4 18. Qh3 Ndf6 19. Bf5 Kh8 20. g4 Rg8
21. Ne2 Rg7 22. Rg1 Rag8 23. Qf3 Bd2 24. Rg2 Ng5 25. Qd3 Bf4 26. Ng3 Bxg3 27.
Rxg3 Nfe4 28. Qe3 Nxg3+ 29. fxg3 Qd6 30. Kg2 f6 31. Rh1+ Nh7 32. Qh6 Qe7 33. Rh4
Qe2+ 34. Kh3 Qf1+ 35. Kh2 Qf2+ 36. Kh3 Qg1 37. Qxh7+ 1-0

[Event "AUTO-ADV-4205"]
[Site "http://www.queenalice.com/game.php?id=1577500"]
[Date "2019.7.16"]
[Round "1"]
[White "Zoe"]
[Black "thbn"]
[Result "1-0"]
[WhiteElo "1951"]
[BlackElo "1729"]

1. d4 d5 2. Nf3 Nc6 3. c3 Nf6 4. e3 e5 5. dxe5 Ne4 6. Nbd2 Bf5 7. Nd4 Qd7 8.
Nxe4 dxe4 9. Bb5 O-O-O 10. a4 Qd5 11. Bxc6 bxc6 12. Qe2 Bg6 13. Qa6+ Kb8 14.
Nxc6+ Qxc6 15. Qxc6 Bh5 16. O-O Re8 17. Qxe8+ Kb7 18. Qb5+ Kc8 19. e6 fxe6 20.
Qxh5 g6 21. Qe5 Rg8 22. Qxe6+ Kb7 23. Qxg8 Bd6 24. a5 Bxh2+ 25. Kxh2 a6 26. Ra4
c5 27. Rd1 c4 28. Rb4+ Kc6 29. Qd5+ Kc7 30. Qxc4# 1-0

[Event "AUTO-ADV-4205"]
[Site "http://www.queenalice.com/game.php?id=1577509"]
[Date "2019.7.16"]
[Round "1"]
[White "Zoe"]
[Black "Capixaba789"]
[Result "0-1"]
[WhiteElo "1919"]
[BlackElo "1706"]

1. d4 d5 2. Nf3 Nf6 3. e3 e6 4. Bd3 Be7 5. Nbd2 Nc6 6. c3 h6 7. e4 dxe4 8. Nxe4
Bd7 9. O-O O-O 10. Re1 Nxe4 11. Bxe4 Bf6 12. Qe2 Re8 13. Bf4 a6 14. Rad1 Qc8 15.
Rd2 Ne7 16. Red1 Nd5 17. Bxd5 exd5 18. Qd3 c6 19. c4 Be6 20. c5 Bf5 21. Qb3 Be4
22. Re1 Qf5 23. Qe3 Bxf3 24. Qxe8+ Rxe8 25. Rxe8+ Kh7 26. gxf3 Qxf4 27. Rde2
Qxf3 28. R8e3 Qg4+ 29. Kh1 Qxd4 30. b4 Qxb4 31. Rb3 Qxc5 32. Rxb7 d4 33. Rd7
Qc1+ 34. Kg2 Qg5+ 35. Kf1 Qc1+ 36. Re1 Qc4+ 37. Kg2 Qxa2 38. Rc1 Qe2 39. Rd6
Qg4+ 40. Kf1 Qh3+ 41. Ke2 Qxh2 42. Rdxc6 Qe5+ 43. Kf1 d3 44. Rxa6 d2 45. Rd1
Qb5+ 0-1

[Event "AUTO-ADV-4205"]
[Site "http://www.queenalice.com/game.php?id=1577510"]
[Date "2019.7.16"]
[Round "1"]
[White "Capixaba789"]
[Black "Zoe"]
[Result "0-1"]
[WhiteElo "1838"]
[BlackElo "1939"]

1. e4 e6 2. d4 d5 3. exd5 exd5 4. Nf3 Nf6 5. Bd3 Bd6 6. O-O O-O 7. Nc3 c6 8. Be3
Bg4 9. Be2 Re8 10. a3 a5 11. Qd2 Qc7 12. Bd3 Bxf3 13. gxf3 Bxh2+ 14. Kg2 Bd6 15.
Rh1 Nbd7 16. f4 Nf8 17. Rag1 Ng4 18. Kf1 Nxe3+ 19. fxe3 Re7 20. Qh2 g6 21. Nd1
Rae8 22. Bxg6 fxg6 23. Nf2 Rxe3 0-1

[Event "AUTO-ADV-4163"]
[Site "http://www.queenalice.com/game.php?id=1579571"]
[Date "2019.8.7"]
[Round "2"]
[White "Zoe"]
[Black "Jsc"]
[Result "0-1"]
[WhiteElo "1935"]
[BlackElo "1941"]

1. d4 d5 2. Nf3 e6 3. e3 c5 4. c3 Nc6 5. Bd3 Bd7 6. Nbd2 Nf6 7. e4 dxe4 8. Nxe4
cxd4 9. Nxd4 Nxd4 10. cxd4 Rc8 11. O-O Nd5 12. Qe2 Be7 13. a3 Qb6 14. Be3 O-O
15. Bg5 Qxd4 16. Rfd1 Qe5 17. Bc1 Rfd8 18. Bd2 b6 19. b4 Bc6 20. Rac1 Nf4 21.
Bxf4 Qxf4 22. Rc4 Bd5 23. f3 Bxc4 24. Nf2 Bxd3 25. Nxd3 Qh4 26. Rf1 Rc3 27. Ne5
Rxa3 28. Nc6 Rd7 29. Ne5 Rd4 30. Nc6 Rdd3 31. Rc1 Bd6 32. g3 Qg5 33. Rf1 Qb5 34.
Qe4 h6 35. Rc1 Rxf3 36. Nd4 Qd3 37. Rc8+ Bf8 38. Rxf8+ Kxf8 0-1

[Event "AUTO-ADV-4163"]
[Site "http://www.queenalice.com/game.php?id=1579572"]
[Date "2019.8.7"]
[Round "2"]
[White "Jsc"]
[Black "Zoe"]
[Result "0-1"]
[WhiteElo "1959"]
[BlackElo "1916"]

1. e4 e6 2. d4 d5 3. e5 c5 4. c3 Qb6 5. Nf3 Bd7 6. Be2 Bb5 7. O-O Nc6 8. h3 Bxe2
9. Qxe2 Nge7 10. dxc5 Qxc5 11. Be3 Qa5 12. Nbd2 Nf5 13. Bd4 Qc7 14. Rfc1 Nfxd4
15. cxd4 Be7 16. a3 O-O 17. Rc3 f6 18. Rac1 fxe5 19. Nxe5 Nxd4 20. Qe3 Qb6 21.
Nd7 Qd6 22. Qxd4 Qxd7 23. Rc7 Qd6 24. Rxb7 Bf6 25. Qb4 Qe5 26. Nf3 Qxb2 27. Qxb2
Bxb2 28. Rxb2 Rf7 29. Re2 Rf6 30. Re5 h6 31. Rc6 Kf7 32. Nd4 Re8 33. Rc7+ Re7
34. Rxe7+ Kxe7 35. Nc6+ Kd6 36. Rxe6+ Rxe6 37. Nxa7 Kc5 38. a4 d4 39. Nb5 d3 40.
Nc3 Kc4 41. Nd1 Kb3 42. Kf1 Kc2 43. Ne3+ Rxe3 44. fxe3 d2 0-1

[Event "Challenge"]
[Site "http://www.queenalice.com/game.php?id=1597825"]
[Date "2020.1.30"]
[Round "-"]
[White "colatina"]
[Black "Zoe"]
[Result "0-1"]
[WhiteElo "1778"]
[BlackElo "1923"]

1. e4 e6 2. d4 d5 3. e5 c5 4. Nf3 Qb6 5. a4 Bd7 6. c3 cxd4 7. Nxd4 Bc5 8. b3
Bxd4 9. cxd4 Nc6 10. Be3 Qb4+ 11. Nd2 Nxd4 12. Bxd4 Qxd4 13. Nf3 Qe4+ 14. Qe2
Qb4+ 15. Nd2 Qc3 16. Rd1 Rc8 17. Qe3 Qxe3+ 18. fxe3 Ne7 19. e4 Bc6 20. Be2 O-O
21. Bb5 Bxb5 22. axb5 Rfd8 23. O-O Ng6 24. exd5 Rxd5 25. Nc4 Rcd8 26. Rxd5 Rxd5
27. Nd6 Nxe5 28. Rc1 g6 29. Rc8+ Kg7 30. Ne8+ Kh6 31. b6 a5 32. Rc3 g5 33. Rc7
Rb5 34. Nd6 Rxb6 35. Nxb7 Rxb3 36. Nxa5 Ra3 37. Nb7 Ra7 38. h3 Kg6 39. Rc5 Rxb7
40. Rxe5 Rb4 41. Re3 Rb5 42. Re4 e5 43. h4 f5 44. Ra4 e4 45. hxg5 Kxg5 46. Ra3
f4 47. Rh3 h5 48. Ra3 h4 49. Ra2 Kg4 50. Kf1 h3 51. gxh3+ Kxh3 52. Ke2 Rb4 53.
Kf2 Rb3 54. Re2 Rf3+ 55. Kg1 e3 0-1

[Event "AUTO-ADV-4205"]
[Site "http://www.queenalice.com/game.php?id=1601591"]
[Date "2020.3.4"]
[Round "2"]
[White "Mistakesrme"]
[Black "Zoe"]
[Result "1-0"]
[WhiteElo "2289"]
[BlackElo "1937"]

1. c4 e5 2. g3 d6 3. Bg2 f5 4. Nc3 Nf6 5. d4 e4 6. f3 Be7 7. fxe4 O-O 8. exf5 c6
9. e4 Qe8 10. Nh3 Nbd7 11. O-O b6 12. e5 dxe5 13. Bxc6 Rb8 14. Ng5 Qd8 15. Ne6
Qe8 16. dxe5 Nh5 17. Nxf8 Bxf8 18. e6 Bc5+ 19. Kg2 Nhf6 20. Bf4 Ba6 21. exd7
Nxd7 22. Bxb8 Qxb8 23. Qxd7 Bxc4 24. Bd5+ Bxd5+ 25. Qxd5+ 1-0

[Event "AUTO-ADV-4205"]
[Site "http://www.queenalice.com/game.php?id=1601592"]
[Date "2020.3.4"]
[Round "2"]
[White "Zoe"]
[Black "Mistakesrme"]
[Result "1/2-1/2"]
[WhiteElo "1933"]
[BlackElo "2260"]

1. d4 e6 2. Nf3 f5 3. Nc3 Bb4 4. Bd2 Nf6 5. a3 Bxc3 6. Bxc3 Ne4 7. Bb4 a5 8. Bd2
O-O 9. e3 b6 10. Bd3 Bb7 11. O-O d6 12. Bc4 Qf6 13. Ba2 Kh8 14. Rc1 Nd7 15. c3
Qg6 16. b4 c5 17. bxc5 dxc5 18. dxc5 Ndxc5 19. Ne5 Qf6 20. f4 Rfd8 21. Rc2 Nd3
22. Bc4 Nxe5 23. fxe5 Qxe5 24. Qc1 Nxd2 25. Rxd2 Qxe3+ 26. Rdf2 Qxc1 27. Rxc1
Bd5 28. Bb5 Rac8 29. Rd2 h6 30. c4 Be4 31. Rcd1 Rxd2 32. Rxd2 Bc6 33. Rd6 Bxb5
34. cxb5 Rb8 35. Rxe6 Kg8 36. Kf2 Kf7 37. Rc6 Rb7 38. Kf3 g6 39. h3 Kg7 40. a4
Kf7 41. Kf4 Kg7 42. Kf3 Kf7 43. Kf4 Kg7 44. Kf3 1/2-1/2

[Event "AUTO-ADV-4205"]
[Site "http://www.queenalice.com/game.php?id=1601595"]
[Date "2020.3.4"]
[Round "2"]
[White "Zoe"]
[Black "Artking"]
[Result "0-1"]
[WhiteElo "1935"]
[BlackElo "2034"]

1. d4 Nf6 2. Nf3 d6 3. e3 g6 4. Nc3 Bg7 5. Bd3 Nbd7 6. e4 c6 7. Bg5 Qc7 8. Qd2
e5 9. Bh6 O-O 10. Bxg7 Kxg7 11. h3 a6 12. g4 h5 13. gxh5 Nxh5 14. Rg1 Nf4 15.
Bf1 Nf6 16. Rh1 Be6 17. Ng5 Rad8 18. Nxe6+ fxe6 19. O-O-O d5 20. Bd3 exd4 21. e5
Qxe5 22. Nb1 Nxd3+ 23. Qxd3 c5 24. Rhe1 Ne4 25. Rg1 Rxf2 26. h4 Qf4+ 27. Nd2 c4
28. Qxd4+ e5 29. Qb6 Rd6 30. Qxb7+ Kh6 31. Qb4 c3 32. bxc3 Qe3 33. Rge1 Qf4 34.
Rxe4 dxe4 35. Qxd6 e3 36. Kb2 Rxd2 37. Rg1 Rxd6 0-1

[Event "AUTO-ADV-4205"]
[Site "http://www.queenalice.com/game.php?id=1601596"]
[Date "2020.3.4"]
[Round "2"]
[White "Artking"]
[Black "Zoe"]
[Result "1-0"]
[WhiteElo "2015"]
[BlackElo "1950"]

1. d4 d5 2. c4 Nf6 3. Nc3 c6 4. Nf3 Nbd7 5. e3 e6 6. Bd3 Bb4 7. O-O O-O 8. a3
Bxc3 9. bxc3 Qc7 10. h3 Rd8 11. c5 Nf8 12. Re1 Bd7 13. Ne5 Rab8 14. Nxd7 Rxd7
15. f3 Rbd8 16. Bb2 Nh5 17. e4 dxe4 18. fxe4 Nf4 19. Bc2 e5 20. Qf3 N8g6 21. Kh2
exd4 22. e5 d3 23. Bb3 Re8 24. g3 Ne2 25. e6 Rde7 26. exf7+ Kf8 27. fxe8=N+ Kxe8
28. Qxd3 Qe5 29. Rad1 Qe3 30. Qd8# 1-0

[Event "Challenge"]
[Site "http://www.queenalice.com/game.php?id=1627312"]
[Date "2020.9.17"]
[Round "-"]
[White "Zoe"]
[Black "elisa"]
[Result "0-1"]
[WhiteElo "1946"]
[BlackElo "1911"]

1. d4 d5 2. Nf3 Nf6 3. e3 Nc6 4. c3 g6 5. Bd3 Bf5 6. Bb5 Bg7 7. Ne5 Qd6 8. Nd2
O-O 9. O-O Nxe5 10. dxe5 Qxe5 11. Qb3 c5 12. Nf3 Qc7 13. Be2 Rfd8 14. Rd1 a5 15.
a4 c4 16. Qa3 e5 17. b3 Bc2 18. Re1 cxb3 19. Bb2 Bf8 0-1